00371nam a2200157Ia 4500008004100000020001500041041001200056082001100068100001200079245005000091250000800141260002500149300000800174650001500182700001600197221030s9999 xx 000 0 und d a0070264376 aEnglish a105.23 aM. Levy 0aRetailing Managementcby M. Levy, B. A. Weitz a6th bTMHaNew Delhic2009 a776 aManagement aB. A. Weitz